Stopy války : památníky II. světové války na Kyjovském Slovácku a v regionu Podhoran

Korporativní autor: Kyjov (Hodonín, Česko). Městský národní výbor
Jazyk: Slovenština
Čeština
Vydáno: [Kyjov] : Kyjovské Slovácko v pohybu, 2012
Vydání: 1. vyd.
Témata:
Fyzický popis: 79, 11 s. : il. ; 21 cm
Knihy
Uloženo v:
LEADER 02539nam a2200625 a 4500
001 nkc20132442553
003 CZ PrNK
005 20210312104306.0
007 ta
008 130220s2012 xr a e 000 0 cze
015 |a cnb002442553 
020 |a 978-80-905192-2-0  |q (brož.) 
035 |a (OCoLC)829662915 
040 |a ABA001  |b cze 
041 0 |a cze  |a slo 
043 |a e-xr---  |b e-xr-jm  |a e-xo---  |2 czenas 
045 |a x3x4 
072 7 |a 355/359  |x Vojenství. Obrana země. Ozbrojené síly  |2 Konspekt  |9 15 
080 |a 725.945  |2 MRF 
080 |a 355.48(100)"1939/1945"  |2 MRF 
080 |a (437.322)  |2 MRF 
080 |a (437.6-14)  |2 MRF 
080 |a (048.8)  |2 MRF 
080 |a (084.12)  |2 MRF 
245 0 0 |a Stopy války :  |b památníky II. světové války na Kyjovském Slovácku a v regionu Podhoran 
250 |a 1. vyd. 
260 |a [Kyjov] :  |b Kyjovské Slovácko v pohybu,  |c 2012 
300 |a 79, 11 s. :  |b il. ;  |c 21 cm 
500 |a Název z přebalu 
500 |a 2 pub. ve společném přebalu 
500 |a 500 výt. 
500 |a 1. pub. byla vytvořena ve spolupráci s Obecním úřadem obce Kyjov 
505 0 0 |g [sv. 1].  |t Stopy války - památníky II. světové války na Kyjovském Slovácku --  |g [sv. 2].  |t Stopy vojny - pamätníky II. svetovej vojny v regióne Podhoranu 
648 7 |a 1939-1945  |7 ch460653  |2 czenas 
650 0 7 |a vojenské památníky  |7 ph392778  |z Česko  |2 czenas 
650 0 7 |a vojenské památníky  |7 ph392778  |z Slovensko  |2 czenas 
650 0 7 |a druhá světová válka (1939-1945)  |7 ph117270  |2 czenas 
650 0 9 |a military memorials  |z Czechia  |2 eczenas 
650 0 9 |a military memorials  |z Slovakia  |2 eczenas 
650 0 9 |a World War (1939-1945)  |2 eczenas 
651 7 |a Kyjov (Hodonín, Česko : oblast)  |7 ge134303  |2 czenas 
651 7 |a Slovensko jihozápadní  |7 xx0133278  |2 czenas 
651 9 |a Kyjov Region (Hodonín, Czechia)  |2 eczenas 
651 9 |a Slovakia, Souhwestern  |2 eczenas 
655 7 |a přehledy  |7 fd133202  |2 czenas 
655 7 |a fotografické publikace  |7 fd132276  |2 czenas 
655 9 |a surveys  |2 eczenas 
655 9 |a photographical works  |2 eczenas 
710 1 |a Kyjov (Hodonín, Česko).  |b Městský národní výbor  |7 ko2010605550 
910 2 |a BOA001  |b 2-1300.875 
990 |a BK 
995 |a 01 
991 |b 201303  |c NOV  |e n 
996 6 |b 2610541321  |c 2-1300.875  |d 1. díl  |v 1  |l MZK  |r Sklad / do 1 hodiny  |n 1  |p p.v.  |w 001316471  |u 000010  |a 1  |e BOA001  |j MZK50  |s P 
996 6 |b 2610541322  |c 2-1300.875  |d 2. díl  |v 2  |l MZK  |r Sklad / do 1 hodiny  |n 0  |p p.v.  |w 001316471  |u 000020  |a 1  |e BOA001  |j MZK50  |s P